00602nam a2200205Ia 45000030006000000050017000060080041000230400009000640410012000730820018000851000016001032450029001192600020001483000008001685050021001766500065001979420007002629990017002699520110002860Nust20170105110300.0161124s9999 xx 000 0 und d cIGIS aEnglish a628.1 22bSHA aU.M .Shamsi aWater Resources Handbook aphot copyc2005 a413 aGIS Applications aGIS Applications for Water Wastewater and Stormwater Systems cBK c31125d31125 001040708TextaIGISbIGISd0000-00-00ephot copyl0o628.1 22SHApIGIS1033r2017-01-05w0000-00-00yBK